000 00261nam a2200109 a 4500
005 20201002034017.0
008 130820s2004 000 spa d
100 _aValera, Juan
_947010
245 0 _aPepita Jiménez.
260 _as. l.,
_cs. f.
999 _c39739
_d39739
040 _aDO-SdBNP